000
00302nam a22001457a 4500
003
SGT
082
_a
150
_b
314W
100
_a
WOOLFOLK, ANITA
245
_a
EDUCATIONAL PSYCHOLOGY
250
_a
12TH
260
_a
DELHI
_b
PEARSON
_c
2014
300
_a
691
650
_a
PSYCHOLOGY
942
_2
ddc
_c
BK
999
_c
10606
_d
10606